III Congrés d'Història d'Alcanar : Alcanar, 12, 13 i 14 de novembre de 2010 Alcanar, 12, 13 i 14 de novembre de 2010
ISBN:
978-84-923223-5-0
Descripción Física:
563 p. ; 22 cm
Materias:
Alcanar -- Història local -- Congressos
MARC
| LEADER | 00000nam a2200000Ia 4500 | ||
|---|---|---|---|
| 001 | 23397 | ||
| 008 | 160829s2011 xx 000 0 cat d | ||
| 020 | |a 978-84-923223-5-0 | ||
| 080 | |a H-3-135 | ||
| 100 | |a Congrés d'Història d'Alcanar (3r : 2010 : Alcanar) |9 48774 | ||
| 245 | |a III Congrés d'Història d'Alcanar : |b Alcanar, 12, 13 i 14 de novembre de 2010 | ||
| 260 | |a Alcanar : |b Ajuntament d'Alcanar, |c 2011 | ||
| 300 | |a 563 p. ; |c 22 cm | ||
| 590 | |a S'ha utilitzat el fons de l'Arxiu General de la Diputació de Barcelona | ||
| 650 | |a Alcanar |x Història local |x Congressos |9 48775 | ||
| 710 | 1 | |a Alcanar (Catalunya). |b Ajuntament |9 55101 | |
| 901 | |a Arxiu | ||
| 942 | |n 1 | ||
| 952 | |0 0 |1 0 |4 0 |6 H3135 |7 1 |9 54846 |a Arxiu |b Arxiu |d 2012-02-29 |l 0 |o H-3-135 |p 23397 |r 2016-12-01 00:00:00 |w 2016-12-01 |y ARXIU | ||
| 999 | |c 58716 |d 58716 | ||